000 00542cam a22002171 4500
001 sa 64002261
003 DLC
005 20260227112009.0
008 870831s1955 bg 000 0 eng
010 _asa 64002261
025 _aPL480:EP-E-125
035 _a(OCoLC)16618759
040 _aDLC
_cWaU
_dDLC
042 _apremarc
050 0 0 _aLB880
_b.H36
100 1 _aHaye, Kh. A.
245 1 0 _aEducation, old and new.
260 _aChittagong,
_bShikshak Samabay Library
_c[1955?]
300 _a119 p.
_c21 cm.
650 0 _aEducation.
999 _c57263
_d57263